[Event "BCF-chT4 0708 (4NCL)"]
[Site "England"]
[Date "2008.05.04"]
[Round "9.2"]
[White "Fathallah, Joe"]
[Black "Wright, Antony J"]
[Result "1-0"]
[WhiteElo "1970"]
[BlackElo "1995"]
[PlyCount "63"]
[EventDate "2007.09.15"]
[EventType "team-swiss"]
[EventRounds "11"]
[EventCountry "ENG"]
[SourceTitle "EXT 2009"]
[Source "ChessBase"]
[SourceDate "2008.11.26"]
[SourceVersion "1"]
[SourceVersionDate "2008.11.26"]
[SourceQuality "1"]
[WhiteTeam "Celtic Tigers II"]
[BlackTeam "Nottinghamshire II"]
[WhiteTeamCountry "ENG"]
[BlackTeamCountry "ENG"]

1. d4 d5 2. c4 e6 3. Nc3 Nf6 4. cxd5 exd5 5. Bg5 Be7 6. e3 h6 7. Bh4 0-0 8. Bd3 Re8 9. Qc2 c6 10. Nge2 Nbd7 11. f3 Bb4 12. Bf2 c5 13. 0-0 c4 14. Bf5 Nb6 15. Bxc8 Rxc8 16. a3 Bd6 17. e4 dxe4 18. fxe4 Ng4 19. e5 Nxf2 20. Rxf2 Bb8 21. Raf1 Rf8 22. Qe4 Qe7 23. Nf4 a6 24. Nfd5 Nxd5 25. Nxd5 Qe6 26. Nf6+ gxf6 27. Rxf6 Qd7 28. e6 Qd6 29. exf7+ Rxf7 30. Rxd6 Rxf1+ 31. Kxf1 Rf8+ 32. Kg1 1-0

[Event "BCF-chT4 0607 (4NCL)"]
[Site "Sunningdale"]
[Date "2006.12.02"]
[Round "3.1"]
[White "Wright, Antony J"]
[Black "Pugh, Derek"]
[Result "1/2-1/2"]
[WhiteElo "2020"]
[BlackElo "2155"]
[PlyCount "83"]
[EventDate "2006.09.16"]
[EventType "team"]
[EventRounds "11"]
[EventCountry "ENG"]
[SourceTitle "EXT 2008"]
[Source "ChessBase"]
[SourceDate "2007.11.25"]
[SourceVersion "1"]
[SourceVersionDate "2007.11.25"]
[SourceQuality "1"]
[WhiteTeam "Notts II"]
[BlackTeam "Grendel's Mother"]
[WhiteTeamCountry "ENG"]
[BlackTeamCountry "ENG"]

1. d4 Nc6 2. Nf3 d5 3. Bf4 Bg4 4. e3 f6 5. Be2 e6 6. h3 Bh5 7. 0-0 Bd6 8. Bxd6 Qxd6 9. Nbd2 Nge7 10. c4 0-0 11. c5 Qd7 12. Qa4 Be8 13. Bb5 Rd8 14. Qa3 a6 15. Ba4 Qc8 16. Bc2 Ng6 17. Qc3 Qd7 18. b4 Qe7 19. a4 Nb8 20. Rfe1 c6 21. e4 Nf4 22. e5 Nd7 23. Qe3 fxe5 24. dxe5 Bh5 25. a5 Rf7 26. Kh2 Rdf8 27. Ra3 Nxg2 28. Kxg2 Bxf3+ 29. Nxf3 Rxf3 30. Qxf3 Rxf3 31. Rxf3 Qg5+ 32. Kf1 Qd2 33. Bd1 Nxe5 34. Rxe5 Qxd1+ 35. Kg2 Qd2 36. Rxe6 h6 37. Rg3 Kf7 38. Rd6 Qxb4 39. Rd7+ Kf6 40. Rgxg7 Qe4+ 41. Kg3 Qe5+ 42. Kg2 1/2-1/2

[Event "BCF-chT4 0607 (4NCL)"]
[Site "Sunningdale"]
[Date "2006.09.24"]
[Round "2.1"]
[White "Walker, Samuel"]
[Black "Wright, Antony J"]
[Result "0-1"]
[WhiteElo "1910"]
[BlackElo "2020"]
[PlyCount "120"]
[EventDate "2006.09.16"]
[EventType "team"]
[EventRounds "11"]
[EventCountry "ENG"]
[SourceTitle "CBM 115 Extra"]
[Source "ChessBase"]
[SourceDate "2007.01.10"]
[SourceVersion "1"]
[SourceVersionDate "2007.01.10"]
[SourceQuality "1"]
[WhiteTeam "London Mstrs II"]
[BlackTeam "Notts II"]
[WhiteTeamCountry "ENG"]
[BlackTeamCountry "ENG"]

1. c4 e6 2. g3 d5 3. cxd5 exd5 4. Bg2 Nf6 5. d4 Be7 6. Nc3 c6 7. Nh3 Bf5 8. f3 0-0 9. Nf2 Re8 10. e4 dxe4 11. fxe4 Bb4 12. 0-0 Bxc3 13. bxc3 Nxe4 14. Nxe4 Bxe4 15. Qb3 Bxg2 16. Qxf7+ Kh8 17. Kxg2 Nd7 18. Ba3 Nf6 19. Rae1 Rxe1 20. Rxe1 Qd5+ 21. Qxd5 Nxd5 22. c4 Nb6 23. c5 Nd5 24. Bc1 Kg8 25. Bd2 Rd8 26. Kf3 Kf7 27. Ke4 Re8+ 28. Kd3 Rxe1 29. Bxe1 Ke6 30. Bd2 Kf5 31. h3 h5 32. a3 g5 33. Ba5 g4 34. h4 a6 35. Bd8 Ke6 36. Bg5 Kf5 37. Bh6 Nc7 38. Bf4 Nd5 39. Be5 Ne7 40. Kc4 Ke4 41. Kb4 Kd3 42. Ka5 Nd5 43. Bg7 Kc4 44. Be5 Kb3 45. a4 Kc4 46. Bg7 Kd3 47. Be5 Ke4 48. Bg7 Kd3 49. Be5 Kc4 50. Bg7 Kb3 51. Bh8 Nc3 52. Kb6 Kxa4 53. Kxb7 Kb5 54. Kc7 Nd5+ 55. Kd6 a5 56. Bg7 a4 57. Bh6 a3 58. Bc1 a2 59. Bb2 Ne3 60. Ke5 Nc4+ 0-1

[Event "BCF-chT4 0506 (4NCL)"]
[Site "West Bromwich"]
[Date "2006.05.28"]
[Round "10.5"]
[White "Wright, Antony J"]
[Black "Edgell, Ben P"]
[Result "0-1"]
[WhiteElo "1920"]
[BlackElo "2095"]
[PlyCount "112"]
[EventDate "2005.11.05"]
[EventType "team"]
[EventRounds "11"]
[EventCountry "ENG"]
[SourceTitle "CBM 109 Extra"]
[Source "ChessBase"]
[SourceDate "2006.01.03"]
[SourceVersion "2"]
[SourceVersionDate "2006.01.03"]
[SourceQuality "1"]
[WhiteTeam "Nottinghamshire II"]
[BlackTeam "Slough Sharks IV"]
[WhiteTeamCountry "ENG"]
[BlackTeamCountry "ENG"]

1. d4 Nf6 2. Nf3 e6 3. Bg5 Be7 4. e3 d6 5. Be2 Nbd7 6. c4 b6 7. Nc3 Bb7 8. h3 h6 9. Bf4 Ne4 10. Nxe4 Bxe4 11. 0-0 Bf6 12. Nd2 Bb7 13. Bh2 e5 14. Bf3 Bxf3 15. Nxf3 0-0 16. Rb1 Qe7 17. Re1 e4 18. Nd2 Bh4 19. Qc2 f5 20. b4 c5 21. bxc5 dxc5 22. d5 Ne5 23. Bxe5 Qxe5 24. Qb2 Qd6 25. a4 Bd8 26. g3 h5 27. h4 Qg6 28. Kh2 Bc7 29. Qc2 Qg4 30. Kg2 Rae8 31. Qd1 Qg6 32. Qc2 f4 33. exf4 Rxf4 34. Nf1 Ref8 35. Re2 Qg4 36. Ne3 Qf3+ 37. Kg1 R4f6 38. Nf1 Be5 39. Qxe4 Qxe4 40. Rxe4 Bd4 41. Re2 Rxf2 42. Rxf2 Rxf2 43. Kh1 Rc2 44. Re1 Rxc4 45. d6 Bf6 46. Re8+ Kf7 47. Ra8 Ke6 48. Rxa7 Kxd6 49. Ra6 Kc7 50. a5 bxa5 51. Rxa5 Rc1 52. Kg2 Rc2+ 53. Kf3 Bd4 54. Ke4 Rf2 55. Ne3 Re2 56. Ra3 Rxe3+ 0-1

[Event "BCF-chT4 0506 (4NCL)"]
[Site "West Bromwich"]
[Date "2006.02.11"]
[Round "5.5"]
[White "Wright, Antony J"]
[Black "Lobo, Robert J"]
[Result "1-0"]
[WhiteElo "1920"]
[BlackElo "1565"]
[PlyCount "95"]
[EventDate "2005.11.05"]
[EventType "team"]
[EventRounds "11"]
[EventCountry "ENG"]
[SourceTitle "CBM 109 Extra"]
[Source "ChessBase"]
[SourceDate "2006.01.03"]
[SourceVersion "2"]
[SourceVersionDate "2006.01.03"]
[SourceQuality "1"]
[WhiteTeam "Nottinghamshire II"]
[BlackTeam "Pontypridd"]
[WhiteTeamCountry "ENG"]
[BlackTeamCountry "ENG"]

1. c4 e5 2. Nc3 Nf6 3. d3 Bb4 4. Bd2 Nc6 5. a3 Bxc3 6. Bxc3 e4 7. dxe4 Nxe4 8. Bxg7 Rg8 9. Bd4 Rg4 10. Nf3 Nxd4 11. Qxd4 Qf6 12. e3 c5 13. Qxf6 Nxf6 14. h3 Rg7 15. Nh4 d5 16. cxd5 Nxd5 17. Bb5+ Ke7 18. 0-0-0 Nc7 19. Bd3 Be6 20. Rhg1 Rag8 21. g4 h5 22. Nf5+ Bxf5 23. Bxf5 hxg4 24. Rd7+ Kf6 25. hxg4 Rg5 26. Rh1 Rc8 27. Rxf7+ Kxf7 28. Bxc8 Nd5 29. Rh7+ Kg6 30. Rxb7 Nb6 31. Bf5+ Kf6 32. Rxa7 Rg7 33. Rxg7 Kxg7 34. Kc2 Nc4 35. Kc3 Ne5 36. f4 Nc6 37. Kc4 Na5+ 38. Kxc5 Nb3+ 39. Kd6 Kf6 40. e4 Nd4 41. e5+ Kf7 42. e6+ Ke8 43. Bg6+ Kf8 44. e7+ Kg7 45. e8Q Nb5+ 46. Ke5 Nxa3 47. Qf7+ Kh8 48. Qh7# 1-0

[Event "BCF-chT4 0506 (4NCL)"]
[Site "West Bromwich"]
[Date "2005.12.04"]
[Round "4.5"]
[White "Chapman, Timothy J"]
[Black "Wright, Antony J"]
[Result "1-0"]
[WhiteElo "1855"]
[BlackElo "1920"]
[PlyCount "75"]
[EventDate "2005.11.05"]
[EventType "team"]
[EventRounds "11"]
[EventCountry "ENG"]
[SourceTitle "CBM 109 Extra"]
[Source "ChessBase"]
[SourceDate "2006.01.03"]
[SourceVersion "2"]
[SourceVersionDate "2006.01.03"]
[SourceQuality "1"]
[WhiteTeam "Cavendish"]
[BlackTeam "Nottinghamshire II"]
[WhiteTeamCountry "ENG"]
[BlackTeamCountry "ENG"]

1. e4 e6 2. d4 d5 3. e5 c5 4. c3 Nc6 5. Nf3 Qb6 6. a3 Bd7 7. b4 cxd4 8. cxd4 Rc8 9. Bb2 f6 10. exf6 Nxf6 11. Nc3 Bd6 12. Na4 Qd8 13. Nc5 Rb8 14. Bb5 0-0 15. 0-0 Bc8 16. Re1 Bxc5 17. dxc5 Bd7 18. Bxc6 bxc6 19. Be5 Ra8 20. Bd6 Re8 21. Ne5 Ne4 22. Rxe4 dxe4 23. Qh5 Qf6 24. Re1 Red8 25. Rxe4 Be8 26. Qe2 a5 27. g3 axb4 28. Rf4 Qxf4 29. gxf4 bxa3 30. Qa2 Bf7 31. f5 Re8 32. Nxf7 Kxf7 33. Be5 g6 34. fxg6+ hxg6 35. Qb3 Ra7 36. Qf3+ Kg8 37. Qf6 Rh7 38. Qxg6+ 1-0

[Event "BCF-chT4 0506 (4NCL)"]
[Site "West Bromwich"]
[Date "2005.11.06"]
[Round "2.5"]
[White "Henbest, Kevin B"]
[Black "Wright, Antony J"]
[Result "0-1"]
[WhiteElo "1855"]
[BlackElo "1920"]
[PlyCount "80"]
[EventDate "2005.11.05"]
[EventType "team"]
[EventRounds "11"]
[EventCountry "ENG"]
[SourceTitle "CBM 109 Extra"]
[Source "ChessBase"]
[SourceDate "2006.01.03"]
[SourceVersion "2"]
[SourceVersionDate "2006.01.03"]
[SourceQuality "1"]
[WhiteTeam "Oxford III"]
[BlackTeam "Nottinghamshire II"]
[WhiteTeamCountry "ENG"]
[BlackTeamCountry "ENG"]

1. e4 e6 2. d4 d5 3. Nc3 Nf6 4. e5 Nfd7 5. Nf3 c5 6. Bb5 a6 7. Bxd7+ Nxd7 8. Qe2 cxd4 9. Nxd4 Qc7 10. f4 Bb4 11. Bd2 Nb6 12. a3 Bc5 13. Be3 Nc4 14. b4 Nxe3 15. Qxe3 Ba7 16. Qd3 Bd7 17. Kd2 Rc8 18. Rab1 Qb6 19. Nce2 Rc4 20. c3 0-0 21. Rhf1 Rfc8 22. Rbc1 Qd8 23. Rf3 f5 24. exf6 Qxf6 25. g4 e5 26. fxe5 Qxe5 27. Re3 Qg5 28. h4 Qxh4 29. Re5 Bxg4 30. Rxd5 Qh6+ 31. Kc2 Bxd4 32. Rxd4 Bxe2 33. Rd8+ Rxd8 34. Qxd8+ Kf7 35. Qd7+ Kf6 36. Qd6+ Kf5 37. Qd5+ Kf4 38. Qd2+ Kf3 39. Qd5+ Kf2 40. Qf5+ Qf4 0-1

[Event "BCF-chT4a 0405 (4NCL)"]
[Site "Telford"]
[Date "2005.01.16"]
[Round "4.6"]
[White "Ponter, Ian"]
[Black "Wright, Antony J"]
[Result "0-1"]
[WhiteElo "2047"]
[BlackElo "1990"]
[PlyCount "138"]
[EventDate "2004.11.06"]
[EventType "team"]
[EventRounds "11"]
[EventCountry "ENG"]
[SourceTitle "EXT 2006"]
[Source "ChessBase"]
[SourceDate "2005.11.24"]
[SourceVersion "1"]
[SourceVersionDate "2005.11.24"]
[SourceQuality "1"]
[WhiteTeam "Gloucestershire Gambits"]
[BlackTeam "Nottinghamshire"]
[WhiteTeamCountry "ENG"]
[BlackTeamCountry "ENG"]

1. e4 e6 2. d4 d5 3. Nc3 Nf6 4. Bg5 dxe4 5. Nxe4 Nbd7 6. Nf3 Be7 7. Nxf6+ Bxf6 8. Bxf6 Qxf6 9. Qd2 0-0 10. Bd3 Re8 11. 0-0-0 Nf8 12. Kb1 a6 13. h4 Bd7 14. Ne5 Red8 15. g4 Bc6 16. Nxc6 bxc6 17. Be4 Rd6 18. g5 Qe7 19. f4 Rad8 20. Qe3 Kh8 21. h5 c5 22. Bd3 Rxd4 23. h6 c4 24. hxg7+ Kxg7 25. Qe5+ f6 26. gxf6+ Qxf6 27. Rdg1+ Kf7 28. Qh5+ Ke7 29. Bxh7 R8d5 30. Rg5 Rxf4 31. Rxd5 exd5 32. Re1+ Kd6 33. Bg8 c6 34. Qh2 Kc5 35. Qg1+ Qd4 36. Qg5 Qf6 37. Qg2 Rf2 38. Qg1 Qd4 39. Rd1 Rd2 40. Qxd4+ Rxd4 41. Rf1 Nd7 42. c3 Rd2 43. Kc1 Rh2 44. Be6 Ne5 45. Bf5 Nd3+ 46. Bxd3 cxd3 47. Rf4 Rh1+ 48. Kd2 Rh2+ 49. Kxd3 Rxb2 50. Ra4 Kb5 51. Ra3 c5 52. Ke3 a5 53. Kd3 a4 54. Ke3 Rc2 55. Kd3 Rh2 56. Ke3 Kc4 57. Rxa4+ Kxc3 58. Ra5 Kb4 59. Ra8 d4+ 60. Ke4 Kc4 61. a4 Re2+ 62. Kf3 Re3+ 63. Kf2 Ra3 64. Ra5 Ra2+ 65. Ke1 d3 66. Kd1 Kd4 67. Ra8 Kc3 68. Ke1 Ra1+ 69. Kf2 d2 0-1